China Groups of Things - Statistics

General Stats
  • This quiz has been taken 29 times
  • The average score is 31 of 49
Answer Stats
Hint Answer % Correct
Largest Cities Beijing
100%
Bordering Countries Bhutan
96%
Largest Cities Guangzhou
96%
Bordering Countries Mongolia
96%
Bordering Countries Nepal
96%
Bordering Countries North Korea
96%
Bordering Countries Russia
96%
Largest Cities Shanghai
96%
Longest Rivers Yellow
96%
Bordering Seas Yellow Sea
96%
Bordering Countries Kazakhstan
92%
Bordering Countries Laos
92%
Bordering Countries Tajikistan
92%
Bordering Countries Vietnam
92%
Longest Rivers Yangtze
92%
Major Languages Cantonese
88%
Bordering Countries India
88%
Bordering Countries Kyrgyzstan
88%
Major Languages Mandarin
88%
Bordering Countries Myanmar
88%
Bordering Countries Pakistan
88%
Major Languages Wu
88%
Bordering Countries Afghanistan
85%
Most Common Religions Budizm
85%
Bordering Seas South China Sea
81%
Highest Mountains Everest
69%
Largest Cities Chongqing
65%
Largest Cities Tianjin
65%
Bordering Seas East China Sea
62%
Most Populated Provinces Guangdong
58%
Highest Mountains K2
58%
Ethnic Groups Uyghur
54%
Longest Rivers Mekong
50%
Most Populated Provinces Sichuan
42%
Ethnic Groups Han Chinese
38%
Most Populated Provinces Henan
31%
Longest Rivers Brahmaputra
23%
Longest Rivers Indus
23%
Most Populated Provinces Jiangsu
23%
Highest Mountains Lhotse
23%
Most Common Religions Ateizm
19%
Most Populated Provinces Shandong
19%
Ethnic Groups Zhuang
12%
Ethnic Groups Hui
8%
Biggest Football Clubs Beijing Guoan
4%
Biggest Football Clubs Chengdu Rongcheng FC
4%
Biggest Football Clubs Jiangsu Suning FC
4%
Biggest Football Clubs Shanghai Port FC
4%
Biggest Football Clubs Shanghai Shenhua
4%
No matching quizzes found
Score Distribution
Percent of People with Each Score
Percentile by Number Answered
Your Score History
You have not taken this quiz